1面1線の有料特急停車駅 - Statistics

General Stats
  • This quiz has been taken 151 times
    84 since last reset
  • The average score is 6 of 27
Answer Stats
会社 駅名 % Correct
JR北海道 稚内
71%
JR北海道 大沼公園
44%
大手私鉄(関東) 東武ワールドスクウェア
40%
JR東日本 大野
29%
JR西日本 鳥取大学前
29%
第3セクター(四国) 平田
28%
JR東日本 双葉
26%
JR東海 湯谷温泉
25%
JR西日本 湯田温泉
24%
第3セクター(関東) 龍王峡
24%
第3セクター(四国) 土佐入野
22%
第3セクター(関東) 川治湯元
21%
中小私鉄(中部) 都留文科大学前
21%
第3セクター(四国) 土佐上川口
21%
JR西日本 太地
19%
大手私鉄(関西) 大和上市
18%
第3セクター(近畿) 夕日ヶ浦木津温泉
18%
第3セクター(関東) 湯西川温泉
16%
中小私鉄(中部) 富士急ハイランド
16%
中小私鉄(中部) 新黒部
16%
第3セクター(中部) 春日山
15%
中小私鉄(中部) 湯田中
13%
JR九州 新水前寺
12%
JR西日本 博多南
9%
JR四国 阿波山川
7%
JR九州 久留米大学前
6%
JR九州 姶良
4%
No matching quizzes found
Score Distribution
Percent of People with Each Score
Percentile by Number Answered
Your Score History
You have not taken this quiz since the last reset